Wiedza o Złotej Piłce #1 - Statystyki

Ogólne statystyki
  • Ten quiz został rozwiązany 420 razy
  • Średni wynik to 7 z 11
Statystyki odpowiedzi
Zagadnienie Odpowiedź % Poprawnych
Piłkarz który zdobył najwięcej złotych piłek w historii. Lionel Messi
92%
Jedyny bramkarz który zdobył złotą piłkę to? Lew Yashin
86%
Ostatni zdobywca złotej piłki przed dominacją CR7 I MESSIEGO Kaka
82%
Pierwszy Portugalczyk który zdobył złotą piłkę Eusebio
80%
Ile reprezentantów Liberii zdobyło złotą piłkę? 1
66%
Kto pierwszy zdobył złotą piłkę Stanley Matthews
57%
Kto pierwszy zdobył złotą piłkę w 21 wieku. Luis Figo
52%
Który klub jest pierwszy pod kątem złotych piłek zawodników. FC Barcelona
51%
Który z powyżej wymienionych Szkotów zdobył złotą piłkę Denis Law
40%
Złota Piłka kobiet. Jaka pierwsza kobieta zdobyła złotą piłkę? Ada Hegerberg
23%
Ile reprezentantów Anglii zdobyło złotą piłkę 4
22%
Nie znaleziono quizów pasujących do podanych kryteriów
Rozkład punktacji
Procent ludzi z każdym wynikiem
Percentyl według liczby udzielonych odpowiedzi
Twoja historia wyników
Nie rozwiązałeś tego quizu